| 000 | 02084nam a22004457a 4500 | ||
|---|---|---|---|
| 003 | CHAP | ||
| 005 | 20220329135410.0 | ||
| 008 | 971013s1962 r 00010 d | ||
| 010 | _a35756 | ||
| 011 | _a36728 | ||
| 035 | _a40847 | ||
| 040 | _cCHAP | ||
| 082 |
_a627 _bM4 |
||
| 110 |
_aMéxico. Secretaría de Recursos Hidráulicos _977210 |
||
| 245 | _aEspecificaciones generales y técnicas de construcción | ||
| 260 |
_aMéxico, D.F. : _bLa Secretaría, _c1962-64 |
||
| 300 |
_av. _b: ilus |
||
| 505 | _aContenido: v.1 Especificaciones generales.- v.2 Construcción de redes de agua potable y líneas de conducción.- v.3 Plantas potabilizadoras de agua.- v.4 Plnatas depuradoras.- v.5 Pilotes y tablestacados. Albañilería Instalaciones sanitarias.- v.6 C | ||
| 590 |
_aBATCH-UPD _b10 _c20130110 _lUCH01 _h1124 |
||
| 590 |
_aBATCH-UPD _b10 _c20130410 _lUCH01 _h0713 |
||
| 590 |
_aBATCH-UPD _b10 _c20130914 _lUCH01 _h0305 |
||
| 590 |
_aCONVERSION _b10 _c20130109 _lUCH01 _h1320 |
||
| 650 | 1 | 4 |
_aAgua _xAbastecimiento. _92223 |
| 650 | 1 | 4 |
_aIngeniería hidráulica. _958235 |
| 650 | 1 | 4 |
_aPozos. _991207 |
| 901 | _aBK | ||
| 942 | _cLIBRO | ||
| 949 |
_a627 M4 _bBC _cLIBRO _d-93308 _eLIBRO _fv.1 _h11591 _i40847 _si |
||
| 949 |
_a627 M4 _bBC _cLIBRO _d33724000020343 _eLIBRO _fv.6 c.3 _h12023 _i40847 _si |
||
| 949 |
_a627 M4 _bBC _cLIBRO _d33724000020350 _eLIBRO _fv.5 _i40847 _si |
||
| 949 |
_a627 M4 _bBC _cLIBRO _d33724000020368 _eLIBRO _fv.4 _h11594 _i40847 _si |
||
| 949 |
_a627 M4 _bBC _cLIBRO _d33724000020376 _eLIBRO _fv.3 c.2 _h11593 _i40847 _si |
||
| 949 |
_a627 M4 _bBC _cLIBRO _d33724000020384 _eLIBRO _fv.2 _i40847 _si |
||
| 949 |
_a627 M4 _bBC _cLIBRO _d33724000020392 _eLIBRO _fv.3 c.3 _h12022 _i40847 _si |
||
| 949 |
_a627 M4 _bBC _cLIBRO _d33724000020400 _eLIBRO _fv.3 _i40847 _si |
||
| 949 |
_a627 M4 _bBC _cLIBRO _d33724000020418 _eLIBRO _fv.5 c.2 _h11595 _i40847 _si |
||
| 949 |
_a627 M4 _bBC _cLIBRO _d33724000020426 _eLIBRO _fv.6 c.2 _h11596 _i40847 _si |
||
| 949 |
_a627 M4 _bBC _cLIBRO _d33724000020699 _eLIBRO _fv.5 c.3 _h12024 _i40847 _si |
||
| 949 |
_a627 M4 _bBC _cLIBRO _d33724000021283 _eLIBRO _fv.2 c.2 _h11592 _i40847 _si |
||
| 999 |
_c35756 _d35756 |
||